Blow fly / (Record no. 174456)

000 -LEADER
fixed length control field 01497cam a2200385 a 4500
001 - CONTROL NUMBER
control field 13325724
003 - CONTROL NUMBER IDENTIFIER
control field Nust
005 - DATE AND TIME OF LATEST TRANSACTION
control field 20220829145632.0
008 - FIXED-LENGTH DATA ELEMENTS--GENERAL INFORMATION
fixed length control field 030827s2003 nyu 000 1 eng
010 ## - LIBRARY OF CONGRESS CONTROL NUMBER
LC control number 2003062314
020 ## - INTERNATIONAL STANDARD BOOK NUMBER
International Standard Book Number 9780751530742
Terms of availability Rs. 476
038 ## - RECORD CONTENT LICENSOR
Staff Name Arshad
040 ## - CATALOGING SOURCE
Original cataloging agency DLC
Transcribing agency DLC
Modifying agency DLC
043 ## - GEOGRAPHIC AREA CODE
Geographic area code n-us-la
-- n-us-fl
050 00 - LIBRARY OF CONGRESS CALL NUMBER
Classification number PS3553.O692
Item number B576 2003
082 00 - DEWEY DECIMAL CLASSIFICATION NUMBER
Classification number 823
Author Mark COR
100 1# - MAIN ENTRY--PERSONAL NAME
Personal name Cornwell, Patricia Daniels.
9 (RLIN) 11118
245 10 - TITLE STATEMENT
Title Blow fly /
Statement of responsibility, etc. Patricia Cornwell.
260 ## - PUBLICATION, DISTRIBUTION, ETC.
Place of publication, distribution, etc. New York :
Name of publisher, distributor, etc. G. P. Putnam's Sons,
Date of publication, distribution, etc. 2003.
300 ## - PHYSICAL DESCRIPTION
Extent 526 p. ;
Dimensions 25 cm.
600 10 - SUBJECT ADDED ENTRY--PERSONAL NAME
Personal name Scarpetta, Kay
Titles and other words associated with a name (Fictitious character)
Form subdivision Fiction.
9 (RLIN) 11119
650 #0 - SUBJECT ADDED ENTRY--TOPICAL TERM
Topical term or geographic name entry element Forensic pathologists
Form subdivision Fiction.
9 (RLIN) 11121
650 #0 - SUBJECT ADDED ENTRY--TOPICAL TERM
Topical term or geographic name entry element Death row inmates
Form subdivision Fiction.
9 (RLIN) 12116
650 #0 - SUBJECT ADDED ENTRY--TOPICAL TERM
Topical term or geographic name entry element Women physicians
Form subdivision Fiction.
9 (RLIN) 11122
650 #0 - SUBJECT ADDED ENTRY--TOPICAL TERM
Topical term or geographic name entry element Psychopaths
Form subdivision Fiction.
9 (RLIN) 12117
651 #0 - SUBJECT ADDED ENTRY--GEOGRAPHIC NAME
Geographic name Louisiana
Form subdivision Fiction.
9 (RLIN) 8179
651 #0 - SUBJECT ADDED ENTRY--GEOGRAPHIC NAME
Geographic name Florida
Form subdivision Fiction.
9 (RLIN) 12118
655 #7 - INDEX TERM--GENRE/FORM
Genre/form data or focus term Mystery fiction.
Source of term gsafd
9 (RLIN) 5621
856 42 - ELECTRONIC LOCATION AND ACCESS
Materials specified Contributor biographical information
Uniform Resource Identifier <a href="http://www.loc.gov/catdir/enhancements/fy0716/2003062314-b.html">http://www.loc.gov/catdir/enhancements/fy0716/2003062314-b.html</a>
856 42 - ELECTRONIC LOCATION AND ACCESS
Materials specified Publisher description
Uniform Resource Identifier <a href="http://www.loc.gov/catdir/enhancements/fy0716/2003062314-d.html">http://www.loc.gov/catdir/enhancements/fy0716/2003062314-d.html</a>
856 41 - ELECTRONIC LOCATION AND ACCESS
Materials specified Sample text
Uniform Resource Identifier <a href="http://www.loc.gov/catdir/enhancements/fy0716/2003062314-s.html">http://www.loc.gov/catdir/enhancements/fy0716/2003062314-s.html</a>
906 ## - LOCAL DATA ELEMENT F, LDF (RLIN)
a 7
b cbc
c orignew
d 1
e ocip
f 20
g y-gencatlg
942 ## - ADDED ENTRY ELEMENTS (KOHA)
Source of classification or shelving scheme
Koha item type Book
Holdings
Withdrawn status Lost status Source of classification or shelving scheme Damaged status Not for loan Permanent Location Current Location Shelving location Date acquired Total Checkouts Total Renewals Full call number Barcode Date last seen Date last checked out Copy number Price effective from Koha item type
          Central Library (CL) Central Library (CL) Fiction 01/26/2017 1 1 823 COR CL512 06/14/2022 12/15/2021 1 01/26/2017 Book
© 2023 Central Library, National University of Sciences and Technology. All Rights Reserved.